000 00737nam a2200289Ia 4500
005 20260324120917.0
008 008 260324s9999 xx 000 0 eng d
020 _a9781315746265
037 _aEBOOK
040 _aCRL
040 _beng
040 _cCRL
041 _2eng
041 _aeng
084 _qCRL
100 _aGeorge C. Thornton III; Deborah E. Rupp; Brian J. Hoffman
_91160442
245 0 _aAssessment Center Perspectives for Talent Management Strategies
245 0 _b2nd Edition
260 _bTaylor and Francis
260 _c2014
365 _a
365 _b300
856 _uhttp://www.taylorfrancis.com/books/9781315746265
942 _cEBOOK
999 _c1752227
_d1752227